| 000 | 01145nam a22003497a 4500 | ||
|---|---|---|---|
| 003 | CHAP | ||
| 005 | 20220817043647.0 | ||
| 008 | 971013d1986 it r 00010 eng d | ||
| 010 | _a80878 | ||
| 011 | _a81850 | ||
| 035 | _a92331 | ||
| 040 | _cCHAP | ||
| 082 | 1 | 0 |
_a639.2 _bF46 v.325 |
| 110 | 2 | _aFAO | |
| 245 | 1 | 0 | _aPapers presented at the FA0/UNEP/WHO/I0C/IAEA meeting on the biogeochemical cycle of mercury in the Mediterranea |
| 260 |
_aRome : _bFAO, _c1986 |
||
| 300 | _a187 p. | ||
| 490 | 0 |
_aFAO. Informe de pesca _v; 325 |
|
| 500 | _aLa biblioteca tiene el suplemento | ||
| 590 |
_aBATCH-UPD _b10 _c20130110 _lUCH01 _h1044 |
||
| 590 |
_aBATCH-UPD _b10 _c20130410 _lUCH01 _h0643 |
||
| 590 |
_aBATCH-UPD _b10 _c20130914 _lUCH01 _h0100 |
||
| 590 |
_aCONVERSION _b10 _c20130109 _lUCH01 _h1345 |
||
| 650 | 1 | 4 |
_aAgua de mar _xContaminación. _92417 |
| 650 | 1 | 4 |
_aMercurio. _974959 |
| 650 | 1 | 4 |
_aRegión mediterránea. _995695 |
| 830 | 0 |
_aFAO. Informe de pesca _v; 325 _939587 |
|
| 901 | _aBK | ||
| 905 | _aPatricia Mendoza P. | ||
| 942 | _cLIBRO | ||
| 949 |
_a639.2 F46 v.325 supl. _bBC _cFAO _d33724000742094 _eFAO1 _gDonaciØn _h68795 _i92331 _sb |
||
| 999 |
_c80878 _d80878 |
||